<?xml version="1.0" encoding="UTF-8"?>
<record
    xmlns:xsi="http://www.w3.org/2001/XMLSchema-instance"
    xsi:schemaLocation="http://www.loc.gov/MARC21/slim http://www.loc.gov/standards/marcxml/schema/MARC21slim.xsd"
    xmlns="http://www.loc.gov/MARC21/slim">

  <leader>01442nam a2200193Ia 4500</leader>
  <datafield tag="952" ind1=" " ind2=" ">
    <subfield code="0">0</subfield>
    <subfield code="1">0</subfield>
    <subfield code="4">0</subfield>
    <subfield code="7">0</subfield>
    <subfield code="a">11</subfield>
    <subfield code="b">11</subfield>
    <subfield code="d">2007-01-08</subfield>
    <subfield code="l">2</subfield>
    <subfield code="o">LE700 T69 1997</subfield>
    <subfield code="p">11 000065</subfield>
    <subfield code="r">2019-12-02</subfield>
    <subfield code="s">2019-12-02</subfield>
    <subfield code="t">1</subfield>
    <subfield code="w">2012-06-26</subfield>
    <subfield code="y">LB</subfield>
  </datafield>
  <datafield tag="999" ind1=" " ind2=" ">
    <subfield code="c">68244</subfield>
    <subfield code="d">68244</subfield>
  </datafield>
  <controlfield tag="008">120626s1997    mx            000 0 spa d</controlfield>
  <datafield tag="020" ind1=" " ind2=" ">
    <subfield code="a">9681206851</subfield>
  </datafield>
  <datafield tag="050" ind1=" " ind2=" ">
    <subfield code="a">LE700 </subfield>
    <subfield code="b">T69 1997</subfield>
  </datafield>
  <datafield tag="100" ind1=" " ind2=" ">
    <subfield code="a">Torres Septi&#xE9;n, Valentina</subfield>
    <subfield code="e">autor</subfield>
  </datafield>
  <datafield tag="245" ind1=" " ind2=" ">
    <subfield code="a">La educaci&#xF3;n privada en M&#xE9;xico (1903-1976)  </subfield>
    <subfield code="c">/ Valentina, Torres Septi&#xE9;n.</subfield>
  </datafield>
  <datafield tag="260" ind1=" " ind2=" ">
    <subfield code="a">M&#xE9;xico</subfield>
    <subfield code="b">: El Colegio de M&#xE9;xico : Universidad Iberoamericana</subfield>
    <subfield code="c">, 1997</subfield>
  </datafield>
  <datafield tag="300" ind1=" " ind2=" ">
    <subfield code="a">436 p&#xE1;ginas</subfield>
  </datafield>
  <datafield tag="500" ind1=" " ind2=" ">
    <subfield code="a">Incluye: Indice, Agradecimientos, Pr&#xF3;logo, Introducci&#xF3;n, Antecedentes de la educaci&#xF3;n particular en el siglo XX, Consideraciones finales, Bibliograf&#xED;a, Indice onom&#xE1;stico </subfield>
  </datafield>
  <datafield tag="505" ind1=" " ind2=" ">
    <subfield code="a">Primera Parte. La disputa por la educaci&#xF3;n  
Bases doctrinales de la educaci&#xF3;n cat&#xF3;lica en M&#xE9;xico  
La escuela particular en los primeros a&#xF1;os del siglo  
Revoluci&#xF3;n y educaci&#xF3;n privada  
La explosi&#xF3;n del conflicto educativo  
Educaci&#xF3;n para la unidad  
La educaci&#xF3;n al filo del agua  

Segunda Parte. El entorno, los m&#xE9;todos y los sujetos en la educaci&#xF3;n particular  
Las ideas y los m&#xE9;todos  
Formadores y preceptores  
La clientela de la escuela particular  
Participaci&#xF3;n de los particulares en la educaci&#xF3;n nacional  
Enclaves en M&#xE9;xico: las escuelas multiculturales  </subfield>
  </datafield>
  <datafield tag="519" ind1=" " ind2=" ">
    <subfield code="a">Material Complementario/  </subfield>
    <subfield code="b">Pedagog&#xED;a / </subfield>
    <subfield code="d">(11 000065)  
</subfield>
  </datafield>
  <datafield tag="650" ind1=" " ind2="0">
    <subfield code="a">EDUCACI&#xD3;N </subfield>
    <subfield code="x">HISTORIA</subfield>
    <subfield code="y">SIGLO XX</subfield>
    <subfield code="z">M&#xC9;XICO</subfield>
  </datafield>
  <datafield tag="650" ind1=" " ind2="0">
    <subfield code="a">ESCUELAS PARTICULARES</subfield>
    <subfield code="x">HISTORIA</subfield>
    <subfield code="y">SIGLO XX</subfield>
    <subfield code="z">M&#xC9;XICO</subfield>
  </datafield>
  <datafield tag="942" ind1=" " ind2=" ">
    <subfield code="c">LB</subfield>
  </datafield>
</record>
